000 00427nam a22001577a 4500
999 _c62686
_d62686
005 20250123103312.0
008 250123s2012 eng||||| |||| 00| 0 eng d
020 _a9780241340660x
041 _aeng
080 _a24 S-92
100 _aSunim, Haemin
_924093
245 _aThe Things You Can See Only When You Slow Down /
_cHaemin Sunim.
264 _c2012.
300 _a270 p.:
_bill.;
_c18 cm.
942 _2udc
_cᲬᲘᲒᲜᲘ